01531nam a2200253 a 4500001001000000005001700010008004100027041000800068044000700076084002000083100004500103245009200148260003500240300003200275500025300307500032800560500014200888500001001030650005201040650005601092650003401148650004501182740005001227BRCA_273920190320203940.0041208s1898----sp-a---###---#000-0#spa-u aspa asp a234b.S47c18981 aCervantes Saavedra, Miguel ded1547-161610aEl Ingenioso Hidalgo Don Quijote de la Manchaccompuesto por Miguel Cervantes Saavedra. aBarcelonabFederico Seixc1898 a2 v.bil. (a color)c23 cm. aContenido : v 1. Primera parte. Proemio de Asensio. Facsímil de algunos documentos. Tasa. Privilegio. Dedicatoria del autor. Prólogo del autor. Versos preliminares. Texto. -- v 2. Segunda parte. Dedicatoria del autor. Prólogo del autor. Texto aEdición : Lujosa edición con un proemio del Sr. José Ma. Asensio de la Real Academia y el Facsímil de varios documentos inéditos, relativos al autor. Ulustración en cromolitografía de J. Moreno Carbonero y D. L. Barrau cabecera e iniciales policromadas, de diferentes artistas. A. S. M. el Rey Don Alfonso XII aEjemplar enteramente igual al LO-233. Tela; lomos y planos profusamente decorados con adornos dorados y de otros colores Lúdovik Osterc aQMB1114aNovela españolayÉpoca clásica, 1500-170014aLiteratura españolayÉpoca clásica, 1500-170014aNovela españolaySiglo XVII14aDon Quijote (Personaje ficticio)eNovela0 aEl Ingenioso Hidalgo Don Quijote de la Mancha